000 00356nam a2200157Ia 4500
003 OSt
005 20240311144510.0
008 170523s9999 xx 000 0 und d
020 _a978-0077861605
040 _ciimtu meerut
100 _aEUN- RESINIK
245 0 _aINTERNATIONAL FINANCIAL MANAGEMENT
260 _bTMH
260 _c2005
942 _2ddc
_c02
999 _c1400
_d1400